Building Capacities for Sustainable Development / (Record no. 123722)
[ view plain ]
| 000 -LEADER | |
|---|---|
| fixed length control field | 00767nam a22002297a 4500 |
| 005 - DATE AND TIME OF LATEST TRANSACTION | |
| control field | 20170124105929.0 |
| 010 ## - LIBRARY OF CONGRESS CONTROL NUMBER | |
| LC control number | B-92482 |
| 020 ## - INTERNATIONAL STANDARD BOOK NUMBER | |
| Terms of availability | 400.00 |
| International Standard Book Number | 8173914575 |
| 035 ## - SYSTEM CONTROL NUMBER | |
| System control number | B-92482 |
| 037 ## - SOURCE OF ACQUISITION | |
| Source of stock number/acquisition | Cen Lib/Ret |
| 040 ## - CATALOGING SOURCE | |
| Original cataloging agency | DPL |
| Language of cataloging | EN |
| 082 ## - DEWEY DECIMAL CLASSIFICATION NUMBER | |
| Classification number | 370.1 |
| Item number | RED |
| 100 ## - MAIN ENTRY--PERSONAL NAME | |
| Personal name | Reddy, G. Narayana |
| 9 (RLIN) | 7812 |
| 245 ## - TITLE STATEMENT | |
| Title | Building Capacities for Sustainable Development / |
| Statement of responsibility, etc | by G. Narayana Reddy |
| 260 ## - PUBLICATION, DISTRIBUTION, ETC. (IMPRINT) | |
| Place of publication, distribution, etc | New Delhi |
| Name of publisher, distributor, etc | Kanishka Publishers |
| Date of publication, distribution, etc | 2002 |
| 270 ## - ADDRESS | |
| Address | 4697 / 5-21 A, Ansari Road, Daryaganj |
| City | New Delhi |
| Postal code | 110002 |
| 300 ## - PHYSICAL DESCRIPTION | |
| Extent | xii,164p. |
| Dimensions | 23cm(Hb) |
| 500 ## - GENERAL NOTE | |
| General note | Includes bibliographic references and index |
| 650 ## - SUBJECT ADDED ENTRY--TOPICAL TERM | |
| Topical term or geographic name as entry element | Sustainable development |
| 9 (RLIN) | 7813 |
| 650 ## - SUBJECT ADDED ENTRY--TOPICAL TERM | |
| Topical term or geographic name as entry element | Economic development projects--Management |
| 9 (RLIN) | 7814 |
| 942 ## - ADDED ENTRY ELEMENTS (KOHA) | |
| Source of classification or shelving scheme | Dewey Decimal Classification |
| Koha item type | English Books |
| Classification part | 370.1 |
| Call number suffix | RED |
| Withdrawn status | Lost status | Damaged status | Not for loan | Home library | Current library | Date acquired | Source of acquisition | Cost, normal purchase price | Total Checkouts | Full call number | Barcode | Date last seen | Copy number | Cost, replacement price | Price effective from | Koha item type |
|---|---|---|---|---|---|---|---|---|---|---|---|---|---|---|---|---|
| Central Library | Central Library | 11/06/2015 | Cen Lib/Ret | 400.00 | 370.1 RED | B-92482 | 25/02/2019 | 1 | 400.00 | 15/09/2016 | English Books |
